Christmas Tree In Different Languages - Statistics

General Stats
  • This quiz has been taken 11 times
  • The average score is 3 of 10
Answer Stats
Hint Answer % Correct
English Christmas Tree
100%
German Weihnachtsbaum
44%
Italian Albero di Natale
33%
Spanish Árbol de Navidad
33%
Norwegian Juletre
33%
Swedish Julgran
33%
French Sapin de Noël
33%
Portugeuse Árvore de Natal
22%
Vietnamese Cây Giáng Sinh
11%
Polish Drzewko świąteczne
0%
No matching quizzes found
Score Distribution
Percent of People with Each Score
Percentile by Number Answered
Your Score History
You have not taken this quiz